000 01102cam a22002894a 4500
001 11767414
005 20000417093854.0
008 990727s1999 ohua b 001 0 eng
010 _a 99040016
020 _a0871706318
035 _a(DLC) 99040016
040 _aDLC
_cDLC
_dDLC
042 _apcc
050 0 0 _aTA460
_b.W85 1999
082 0 0 _a620.166
_221
_bWUL
100 1 _aWulpi, Donald J.
_94844
245 1 0 _aUnderstanding how components fail /
_cDonald J. Wulpi.
250 _a2nd ed.
260 _aMaterials Park, OH :
_bASM International,
_cc.1999.
300 _ax, 293 p. :
_bill. ;
_c27 cm.
500 _aIncludes Glossary.
504 _aIncludes bibliographical references.
650 0 _aMetals
_xFracture.
_94845
942 _2ddc
_cBB
999 _c11557
_d11557